<?xml version="1.0" encoding="UTF-8"?>
<record
    xmlns:xsi="http://www.w3.org/2001/XMLSchema-instance"
    xsi:schemaLocation="http://www.loc.gov/MARC21/slim http://www.loc.gov/standards/marcxml/schema/MARC21slim.xsd"
    xmlns="http://www.loc.gov/MARC21/slim">

  <leader>00612    a2200193   4500</leader>
  <datafield tag="999" ind1=" " ind2=" ">
    <subfield code="c">395</subfield>
    <subfield code="d">395</subfield>
  </datafield>
  <controlfield tag="008">221018b           ||||| |||| 00| 0 eng d</controlfield>
  <datafield tag="020" ind1=" " ind2=" ">
    <subfield code="a">9788126542734</subfield>
  </datafield>
  <datafield tag="082" ind1="0" ind2="0">
    <subfield code="a">621.4022</subfield>
    <subfield code="b">I379</subfield>
  </datafield>
  <datafield tag="245" ind1=" " ind2=" ">
    <subfield code="a">Principles of Heat and Mass Transfer /</subfield>
  </datafield>
  <datafield tag="250" ind1=" " ind2=" ">
    <subfield code="a">7th ed., International Student Version.</subfield>
  </datafield>
  <datafield tag="260" ind1=" " ind2=" ">
    <subfield code="a">New Delhi: </subfield>
    <subfield code="b">Wiley, </subfield>
    <subfield code="c">2016.</subfield>
  </datafield>
  <datafield tag="300" ind1=" " ind2=" ">
    <subfield code="a">xxiii, 1048 p.</subfield>
  </datafield>
  <datafield tag="650" ind1=" " ind2="0">
    <subfield code="a">Heat Transmission</subfield>
  </datafield>
  <datafield tag="700" ind1=" " ind2=" ">
    <subfield code="9">5316</subfield>
    <subfield code="a">Incropera, Frank P. </subfield>
  </datafield>
  <datafield tag="700" ind1=" " ind2=" ">
    <subfield code="9">5317</subfield>
    <subfield code="a">Dewitt, David P. </subfield>
  </datafield>
  <datafield tag="700" ind1=" " ind2=" ">
    <subfield code="9">5318</subfield>
    <subfield code="a">Bergman, Theodore L. </subfield>
  </datafield>
  <datafield tag="700" ind1=" " ind2=" ">
    <subfield code="9">5319</subfield>
    <subfield code="a">Lavine, Adrienne S. </subfield>
  </datafield>
  <datafield tag="942" ind1=" " ind2=" ">
    <subfield code="2">ddc</subfield>
    <subfield code="c">BK</subfield>
  </datafield>
  <datafield tag="952" ind1=" " ind2=" ">
    <subfield code="0">0</subfield>
    <subfield code="1">0</subfield>
    <subfield code="2">ddc</subfield>
    <subfield code="4">0</subfield>
    <subfield code="6">621_402200000000000_I379</subfield>
    <subfield code="7">0</subfield>
    <subfield code="9">1700</subfield>
    <subfield code="a">CL</subfield>
    <subfield code="b">CL</subfield>
    <subfield code="d">2017-05-03</subfield>
    <subfield code="e">Jyoti, the Book People</subfield>
    <subfield code="g">535.81</subfield>
    <subfield code="o">621.4022 I379</subfield>
    <subfield code="p">12423</subfield>
    <subfield code="r">2019-10-14</subfield>
    <subfield code="v">729.00</subfield>
    <subfield code="y">BK</subfield>
  </datafield>
  <datafield tag="952" ind1=" " ind2=" ">
    <subfield code="0">0</subfield>
    <subfield code="1">0</subfield>
    <subfield code="2">ddc</subfield>
    <subfield code="4">0</subfield>
    <subfield code="6">621_402200000000000_I379</subfield>
    <subfield code="7">0</subfield>
    <subfield code="9">1701</subfield>
    <subfield code="a">CL</subfield>
    <subfield code="b">CL</subfield>
    <subfield code="d">2017-05-03</subfield>
    <subfield code="e">Jyoti, the Book People</subfield>
    <subfield code="g">535.81</subfield>
    <subfield code="o">621.4022 I379</subfield>
    <subfield code="p">12424</subfield>
    <subfield code="r">2019-10-14</subfield>
    <subfield code="v">729.00</subfield>
    <subfield code="y">BK</subfield>
  </datafield>
  <datafield tag="952" ind1=" " ind2=" ">
    <subfield code="0">0</subfield>
    <subfield code="1">0</subfield>
    <subfield code="2">ddc</subfield>
    <subfield code="4">0</subfield>
    <subfield code="6">621_402200000000000_I379</subfield>
    <subfield code="7">0</subfield>
    <subfield code="9">1702</subfield>
    <subfield code="a">CL</subfield>
    <subfield code="b">CL</subfield>
    <subfield code="d">2017-05-03</subfield>
    <subfield code="e">Jyoti, the Book People</subfield>
    <subfield code="g">535.81</subfield>
    <subfield code="o">621.4022 I379</subfield>
    <subfield code="p">12425</subfield>
    <subfield code="r">2019-10-14</subfield>
    <subfield code="v">729.00</subfield>
    <subfield code="y">BK</subfield>
  </datafield>
  <datafield tag="952" ind1=" " ind2=" ">
    <subfield code="0">0</subfield>
    <subfield code="1">0</subfield>
    <subfield code="2">ddc</subfield>
    <subfield code="4">0</subfield>
    <subfield code="6">621_402200000000000_I379</subfield>
    <subfield code="7">0</subfield>
    <subfield code="9">1703</subfield>
    <subfield code="a">CL</subfield>
    <subfield code="b">CL</subfield>
    <subfield code="d">2017-05-03</subfield>
    <subfield code="e">Jyoti, the Book People</subfield>
    <subfield code="g">535.81</subfield>
    <subfield code="o">621.4022 I379</subfield>
    <subfield code="p">12426</subfield>
    <subfield code="r">2019-10-14</subfield>
    <subfield code="v">729.00</subfield>
    <subfield code="y">BK</subfield>
  </datafield>
  <datafield tag="952" ind1=" " ind2=" ">
    <subfield code="0">0</subfield>
    <subfield code="1">0</subfield>
    <subfield code="2">ddc</subfield>
    <subfield code="4">0</subfield>
    <subfield code="6">621_402200000000000_I379</subfield>
    <subfield code="7">0</subfield>
    <subfield code="9">1704</subfield>
    <subfield code="a">CL</subfield>
    <subfield code="b">CL</subfield>
    <subfield code="d">2017-05-03</subfield>
    <subfield code="e">Jyoti, the Book People</subfield>
    <subfield code="g">535.81</subfield>
    <subfield code="o">621.4022 I379</subfield>
    <subfield code="p">12427</subfield>
    <subfield code="r">2019-10-14</subfield>
    <subfield code="v">729.00</subfield>
    <subfield code="y">BK</subfield>
  </datafield>
</record>
